000 01327aam a2200481 4500
005 20260227145532.0
008 150522b2019 xxu||||| |||| 00| 0 spa d
020 _a9786070932588
041 _aESP
082 _a364 R696c10
100 _aRodríguez Manzanera, Luis
_95025
245 _aCriminología clínica
260 _aMéxico
260 _bPorrúa
260 _c2019
300 _a459 páginas
490 _aInvestigación Criminal
650 _aCRIMINOLOGÍA
650 _aMÉTODO CRIMINOLÓGICO
650 _aSÍNTESIS CRIMINOLÓGICA
650 _aCRIMINOLOGÍA CLÍNICA
650 _aHISTORIA DE LA CRIMINOLOGÍA CLÍNICA
650 _aMÉTODO CLÍNICO
650 _aPELIGROSIDAD
650 _aPERSONALIDAD CRIMINAL
650 _aCONSEJO CRIMINOLÓGICO
650 _aEXÁMENES
650 _aENTREVISTA
650 _aDICTAMEN
650 _aNEUROSIS CARCELARIA
650 _aDIAGNÓSTICO BIOMÉDICO
650 _aDIAGNÓSTICO PSICOLÓGICO
650 _aDIAGNÓSTICOS SOCIALES
650 _aDIAGNÓSTICO CRIMINOLÓGICO
650 _aPROGNOSIS CRIMINOLÓGICO
650 _aCRIMINOGÉNESIS
650 _aCRIMINODINÁMICA
650 _aVICTIMODINÁMICA
650 _aVÍCTIMA
650 _aVICTIMARIO
650 _aCLÍNICA VICTIMOLÓGICA
942 _cBK
_2ddc
999 _c12691
_d12691